| 000 | 00435nam a2200169Ia 4500 | ||
|---|---|---|---|
| 008 | 151021s9999 xx 000 0 und d | ||
| 020 | _a72933534 | ||
| 050 | _aQE 28.2.P58 2005 | ||
| 245 | _a_Physical Geology | ||
| 260 | _aUSA McGraw-Hill 2005 | ||
| 300 | _axix,580p;ill. | ||
| 500 | _aIncludes index | ||
| 500 | _aIncludes index | ||
| 650 | _a_Geology | ||
| 700 | _a_David McGeary | ||
| 980 | _a^d20120815 09:41:37^oanne | ||
| 999 |
_c12407 _d12407 |
||